| 000 | 00359nam a22001457a 4500 | ||
|---|---|---|---|
| 020 | _qPB. | ||
| 040 | _cFIZZA ISHAQ | ||
| 082 |
_a624.154 _bMIC |
||
| 100 |
_aTOMLINSON, MICHAEL. _989526 |
||
| 245 |
_aPILE DESIGN & CONSTRUCTION PRACTICE / _cMICHAEL TOMLINSON. |
||
| 250 | _a6th ED. | ||
| 260 |
_bCRC PRESS, _c2015. |
||
| 300 | _a588 P. ; | ||
| 942 |
_2ddc _cBK |
||
| 999 |
_c588233 _d588233 |
||